00310nam a22001217a 4500003000400000008004100004020001800045100002900063245003300092260004300125300000800168650001200176OSt250530b |||||||| |||| 00| 0 eng d a9781938477072 aSATCHIDANANDA, Sri Swami aThe Yoga Sutras of Patanjali aUnited State Of AmericabIntegral Yoga a252 aGeneral